000 01174nam2a2200277 4500
001 RU\NLR\BIBL_A\016208248
005 20250624233502.0
035 _a(NLR Aleph) 016208248
090 _a12698826
_c12698826
100 _a20221115d1867 |||y0rusy50 ca
101 0 _arus
102 _aRU
105 _ay ||||000|y
135 _acrbn 001anbba
200 0 _aГ.1 1867, № 4
210 _d1867
_aБ. м.
325 1 _aКопия доступна в электронной библиотеке РНБ
461 0 _1001RU\NLR\INFOCOMM31\5000004670
_12001#$aСамарские епархиальные ведомости$vГ.1 1867, № 4
_94419688
_cСамара
_d1867-1924, 1990-
_tСамарские епархиальные ведомости
_vГ.1 1867, № 4
852 _aNLR
_j5/49
901 _eЖурналы
942 _cISSUE
980 _aNB
980 _aRUSPER
981 1 5 _a(15) Епархиальные ведомости
_b(15) Самарские епархиальные ведомости